NFL - Name These Players (IMPOSSIBLE) - Statistics

General Stats
  • This quiz has been taken 266 times
  • The average score is 4 of 8
Answer Stats
Picture Answer % Correct
Creed Humphrey
82%
Will Anderson Jr.
73%
Samaje Perine
71%
Ndamukong Suh
66%
Kyle Trask
65%
Tutu Atwell
60%
Cameron Sutton
18%
Deven Thompkins
11%
No matching quizzes found
Score Distribution
Percent of People with Each Score
Percentile by Number Answered
Your Score History
You have not taken this quiz